Killer Queen Lyrics Quiz - Statistics

General Stats
  • This quiz has been taken 1,950 times
  • The average score is 27 of 39
Answer Stats
Lyric % Correct
She's a {Killer} {Queen}
93%
She's a {Killer} {Queen}
93%
'Let them eat {cake}' she says
88%
In her pretty {cabinet}
87%
Guaranteed to {blow} {your} {mind}
86%
Guaranteed to {blow} {your} {mind}
86%
{Dynamite} with a laser beam
80%
{Dynamite} with a laser beam
80%
Just like {Marie} {Antoinette}
80%
Caviar and {cigarettes}
78%
Wanna {try}?
77%
Wanna {try}?
77%
You wanna {try}.
77%
She never kept the same {address}
76%
Extraordinarily {nice}
74%
{Anytime}
73%
{Anytime}
73%
For Kruschev and {Kennedy}
70%
To avoid {complications}
69%
Well versed in {etiquette}
69%
{Gunpowder}, gelatin
68%
{Gunpowder}, gelatin
68%
Insatiable an {appetite}
68%
Insatiable an {appetite}
68%
She spoke just like a {baroness}
67%
Met a man from {China}
66%
A built-in {remedy}
65%
In {conversation}
65%
Perfume came naturally from {Paris}
64%
At anytime an {invitation}
63%
You can't {decline}
63%
For cars she couldn't {care} {less}
61%
Recommended at the {price}
56%
Recommended at the {price}
56%
Fastidious and {precise}
54%
She keeps {Moet} {et} {Chandon}
43%
If you're that way {inclined}
39%
Went down to {Geisha} {Minah}
35%
Then again {incidentally}
30%
No matching quizzes found
Score Distribution
Percent of People with Each Score
Percentile by Number Answered
Your Score History
You have not taken this quiz